Responses for show #8399 - Thursday, May 13, 2021

Champion's winnings & consolation amounts matched to Media Fellowship House.

Contestants

[<< previous game]

Susan Schulman, a baker from Alexandria, Virginia

Matt McAndrews, a marketer from Philadelphia, Pennsylvania

Amanda Ganske, a product marketing manager from Austin, Texas (whose 1-day cash winnings total $14,000)

[next game >>]

Jeopardy! Round responses

FOR YOUR PIES ONLY
SCIENCE
THE DAILY TRIPLE
FROM TV SHOW TO FILM
NUMBERING THE NONFICTION BOOKS
DEADLY SIN-ONYMS
    $200 3
apple pie

Amanda
    $200 8
an embryo

Susan
    $200 14
the Nina, the Pinta & the Santa Maria

Amanda
    $200 1
[ERRATUM: The clue's wording did not include the colon in the film series title.]

Tom Cruise

Matt
    $200 19
(Susan: What is beer?)
(Matt: What is coffee?)

tea

AmandaMattSusan
    $200 24
envy

Susan
    $400 5
lemon meringue pie

Amanda
    $400 9
carbon dioxide

Matt
    $400 15
fiddlers three

Triple Stumper
    $400 2
Chicago

Susan
    $400 20
You Die

Matt
    $400 25
wrath

Susan
    $600 11
pecan pie

Susan
    $600 10
taxonomy

Susan
    $600 16
cricket

Matt
    $600 4
Mr. T

Matt
    $2,800 21
North Korea

Matt
    $600 26
greed

Amanda
    $800 12
cherry pie

Matt
    $800 29
transuranium

Triple Stumper
    $800 17
gamma

Amanda
    $800 6
Bewitched

Susan
    $800 22
Benghazi

Susan
    $800 27
lust

Matt
    $1000 13
sweet potato pie

Amanda
    $1000 30
quantum

Matt
    $1000 18
Equifax

Triple Stumper
    $1000 7
the Wild Wild West

Susan
    $1000 23
McGovern

Susan
    $1000 28
sloth

Susan

Scores at the first commercial break (after clue 15):

Amanda Matt Susan
$1,800 $2,000 $3,600

Scores at the end of the Jeopardy! Round:

Amanda Matt Susan
$3,400 $7,400 $6,800

Double Jeopardy! Round responses

HISTORY CLASS
2-LETTER FIRST NAMERS
A CATEGORY ABOUT NOTHING
OPERA
"LIGHT" AT THE END
THE TUNNEL
    $400 30
white-collar

Matt
    $400 29
Al Pacino

Triple Stumper
    $400 1
Winnie the Pooh

Matt
    $400 3
Faust

Matt
    $400 8
one headlight

Amanda
    $400 13
a Chunnel

Matt
    $800 21
serf

Amanda
    $800 25
Ty Burrell

Amanda
    $800 2
Being

Susan
    $800 4
Madame Butterfly

Susan
    $800 9
Red Light, Green Light

Matt
    $800 14
(Amanda: What is Spain?)

Madrid

AmandaMatt
    $1200 22
landlords

Matt
    $1200 26
Mo Rocca

Amanda
    $1200 18
Calvins

Amanda
    $3,000 5
The Barber of Seville

Susan
    $1200 10
gaslight

Amanda
    $1200 15
Boston

Susan
    $1600 23
a proletariat

Matt
    $1600 27
(Bill: Yes, my beloved colleague, [*]; he was the best.)

Ed Bradley

Amanda
    $1600 19
Much Ado About Nothing

Amanda
    $1600 6
Aida

Susan
    $1600 11
candlelight

Triple Stumper
    $1600 16
(Amanda: What is Taiwan?)

Macau

AmandaMatt
    $2000 24
the Dalits (the Untouchables)

Matt
    $2000 28
Bo Diddley

Triple Stumper
    $2000 20
Millard Fillmore

Susan
    $2000 7
Così fan tutte

Susan
    $2000 12
ultralight

Susan
    $2,000 17
(Matt: What's a Battery Tunnel?)

Clifford Holland

Matt

Scores at the end of the Double Jeopardy! Round:

Amanda Matt Susan
$9,800 $15,000 $20,200

[wagering suggestions for these scores]

Final Jeopardy! Round responses

CHILDREN'S BOOKS
(Bill: [To Amanda] It's still a popular graduation gift 30 years after it was published.)
...
(Bill: [To Matt] I'm sorry, that is not correct; it's [*].)
AmandaWhat is Oh the Places you'll go?
$9,799
MattWhat is oh the places you will go
$5,201
SusanWhat is The Lorax?
$10,000
Oh, the Places You'll Go!

Final scores:

Amanda Matt Susan
$19,599 $9,799 $10,200
2-day champion: $33,599 3rd place: $1,000 2nd place: $2,000

Game dynamics:

Coryat scores:

Amanda Matt Susan
$9,800 $14,800 $18,400
15 R,
2 W
19 R
(including 1 DD),
2 W
(including 1 DD)
19 R
(including 1 DD),
1 W

Combined Coryat: $43,000

The J! Archive is created by fans, for fans. The Jeopardy! game show and all elements thereof, including but not limited to copyright and trademark thereto, are the property of Jeopardy Productions, Inc. and are protected under law. This website is not affiliated with, sponsored by, or operated by Jeopardy Productions, Inc. Join the discussion at JBoard.tv.